Verity guild / Mai Corland.
Available copies
- 2 of 2 copies available at LARL/NWRL Consortium.
- 2 of 2 copies available at Lake Agassiz Regional Library. (Show preferred library)
Current holds
0 current holds with 2 total copies.
Show Only Available Copies
| Location | Call Number / Copy Notes | Barcode | Shelving Location | Status | Due Date |
|---|---|---|---|---|---|
| Breckenridge Public Library | SF COR (Text) | 33500014387070 | New | Available | - |
| Hawley Public Library | SF COR (Text) | 33500014387088 | New | Available | - |
Record details
- ISBN: 9781911750376
- ISBN: 1911750372
- ISBN: 9781682816301
- ISBN: 1682816303
- Physical Description: 399 pages : map ; 24 cm
- Edition: First edition.
- Publisher: Shrewsbury, Pennsylvania : Red Tower Books, an imprint of Entangled Publishing, LLC, 2026.
Content descriptions
| General Note: | Deluxe limited edition features stenciled edges and color illustrations on endpapers. Includes an excerpt from Five Broken Blades, by the author. |
| Summary, etc.: | "Secrets built this republic; one truth could burn ... Read More |
Search for related items by subject
| Genre: | Fantasy fiction. Epic fiction. Detective and mystery fiction. Romance fiction. Novels. |
| LDR | 04061cam a22008538i 4500 | ||
|---|---|---|---|
| 001 | 481399 | ||
| 003 | LARL_NWRL_CONSORTIUM | ||
| 005 | 20260601161443.0 | ||
| 008 | 260105s2026 paub e 000 f eng d | ||
| 040 | . | ‡aUKMGB ‡beng ‡erda ‡cUKMGB ‡dBDX ‡dIG# ‡dDWP ‡dLIV ‡dYDX ‡dOCLCO ‡dHQD ‡dOCLCO ‡dRNL ‡dIEP ‡dOCLCO ‡dJBL ‡dMWD ‡dZGR | |
| 015 | . | ‡aGBC6034777 ‡2bnb | |
| 016 | 7 | . | ‡a300700173 ‡2Uk |
| 019 | . | ‡a1582434052 ‡a1584589891 ‡a1587638023 | |
| 020 | . | ‡a9781911750376 ‡q(hardback) | |
| 020 | . | ‡a1911750372 ‡q(hardback) | |
| 020 | . | ‡a9781682816301 ‡q(deluxe limited edition) | |
| 020 | . | ‡a1682816303 ‡q(deluxe limited edition) | |
| 020 | . | ‡z9781911750390 ‡q(ePub ebook) | |
| 035 | . | ‡a(OCoLC)1527986741 ‡z(OCoLC)1582434052 ‡z(OCoLC)1584589891 ‡z(OCoLC)1587638023 | |
| 082 | 0 | 4. | ‡a813.6 ‡223 |
| 100 | 1 | . | ‡aCorland, Mai, ‡eauthor. |
| 245 | 1 | 0. | ‡aVerity guild / ‡cMai Corland. |
| 250 | . | ‡aFirst edition. | |
| 264 | 1. | ‡aShrewsbury, Pennsylvania : ‡bRed Tower Books, an imprint of Entangled Publishing, LLC, ‡c2026. | |
| 300 | . | ‡a399 pages : ‡bmap ; ‡c24 cm | |
| 334 | . | ‡asingle unit ‡bmono ‡0http://id.loc.gov/vocabulary/issuance/mono | |
| 336 | . | ‡atext ‡btxt ‡2rdacontent ‡0http://id.loc.gov/vocabulary/contentTypes/txt | |
| 336 | . | ‡acartographic image ‡bcri ‡2rdacontent ‡0http://id.loc.gov/vocabulary/contentTypes/cri | |
| 337 | . | ‡aunmediated ‡bn ‡2rdamedia ‡0http://id.loc.gov/vocabulary/mediaTypes/n | |
| 338 | . | ‡avolume ‡bnc ‡2rdacarrier ‡0http://id.loc.gov/vocabulary/carriers/nc | |
| 500 | . | ‡aDeluxe limited edition features stenciled edges and color illustrations on endpapers. | |
| 500 | . | ‡aIncludes an excerpt from Five Broken Blades, by the author. | |
| 520 | . | ‡a"Secrets built this republic; one truth could burn it down. High Priestess Kerasea Vestal has spent her life hiding the truth--that she's the last surviving heir of the magical bloodline the republic slaughtered. One wrong step could be fatal. But when a senator is brutally killed and a temple blade is found at the scene, all eyes turn to her. Praetorian Torren Morvane has made a career of dragging liars into the light, and Kerasea is the one person he's vowed to ruin. But locked on a mountain with a murderer, scheming senators, and a prophecy of death, he's forced to work at her side. The closer he gets, the more dangerous the truth--and their attraction--becomes. With traitors closing in and a nation on the verge of shattering, Kerasea and Torren must risk everything to uncover the real killer...even if it means trusting their sworn enemy" -- from dust jacket. | |
| 650 | 0. | ‡aSecrecy. ‡0(LARL_NWRL_CONSORTIUM)30543 | |
| 650 | 0. | ‡aMagic. ‡0(LARL_NWRL_CONSORTIUM)24943 | |
| 650 | 0. | ‡aLove-hate relationships. ‡0(LARL_NWRL_CONSORTIUM)36808 | |
| 650 | 0. | ‡aImaginary places. ‡0(LARL_NWRL_CONSORTIUM)38601 | |
| 650 | 0. | ‡aMan-woman relationships. ‡0(LARL_NWRL_CONSORTIUM)38460 | |
| 650 | 0. | ‡aWomen priests. ‡0(LARL_NWRL_CONSORTIUM)34757 | |
| 650 | 0. | ‡aMurder. ‡0(LARL_NWRL_CONSORTIUM)26285 | |
| 650 | 0. | ‡aFiction. ‡0(LARL_NWRL_CONSORTIUM)20140 | |
| 650 | 7. | ‡aAssassins ‡vFiction. ‡2sears ‡0(LARL_NWRL_CONSORTIUM)163322 | |
| 650 | 7. | ‡aImaginary wars and battles ‡vFiction. ‡2sears ‡0(LARL_NWRL_CONSORTIUM)165215 | |
| 650 | 7. | ‡aRevenge ‡vFiction. ‡2sears ‡0(LARL_NWRL_CONSORTIUM)167017 | |
| 650 | 7. | ‡aMan-woman relationship ‡vFiction. ‡2sears | |
| 650 | 7. | ‡aWomen priests ‡vFiction. ‡2sears | |
| 655 | 7. | ‡aFantasy fiction. ‡2lcgft | |
| 655 | 7. | ‡aEpic fiction. ‡2lcgft | |
| 655 | 7. | ‡aDetective and mystery fiction. ‡2lcgft | |
| 655 | 7. | ‡aRomance fiction. ‡2lcgft | |
| 655 | 7. | ‡aNovels. ‡2lcgft | |
| 776 | 0 | 8. | ‡iebook version : ‡z9781911750390 |
| 901 | . | ‡a481399 ‡bOCoLC ‡c481399 ‡tbiblio ‡soclc | |

Add to basket
Permalink
Disable Highlighting